Cơ học. t.II, Động lực học /
সংরক্ষণ করুন:
| প্রধান লেখক: | |
|---|---|
| বিন্যাস: | Sách giấy |
| ভাষা: | Vietnamese |
| প্রকাশিত: |
H. :
Giáo dục,
2008.
|
| বিষয়গুলি: | |
| ট্যাগগুলো: |
ট্যাগ যুক্ত করুন
কোনো ট্যাগ নেই, প্রথমজন হিসাবে ট্যাগ করুন!
|
| Thư viện lưu trữ: | Thư viện Trường Đại học Đà Lạt |
|---|
| LEADER | 00761nam a2200325 4500 | ||
|---|---|---|---|
| 001 | DLU090065543 | ||
| 005 | ##20090410 | ||
| 040 | # | # | |a DLU |b vie |
| 041 | # | # | |a vie |
| 044 | # | # | |a vn |
| 082 | # | # | |a 531 |b DO-S |
| 100 | # | # | |a Đỗ Sanh, |c GS.TSKH. |
| 245 | # | # | |a Cơ học. |n t.II, |p Động lực học / |c Đỗ Sanh. |
| 260 | # | # | |a H. : |b Giáo dục, |c 2008. |
| 300 | # | # | |a 167 tr. ; |c 21 cm. |
| 504 | # | # | |a Tài liệu tham khảo: tr.166. |
| 653 | # | # | |a Động lực học |
| 653 | # | # | |a Giáo trình |
| 923 | # | # | |a 23/2008 |
| 990 | # | # | |a t.II |
| 991 | # | # | |a GT |
| 992 | # | # | |a 13000 |
| 994 | # | # | |a DLU |
| 900 | # | # | |a True |
| 911 | # | # | |a Đào Thị Thu Huyền |
| 925 | # | # | |a G |
| 926 | # | # | |a A |
| 927 | # | # | |a SH |
| 980 | # | # | |a Thư viện Trường Đại học Đà Lạt |